Etická miera nezamestnanosti a miera príjmovej nerovnosti
Súčasná kríza a nový prístup k problému nezamestnanosti. Vývoj príčin hospodárskej krízy a príjmová polarizácia. Zamestnanosť a príjmová nerovnosť medzi jednotlivými odvetviami ekonomiky. Etická miera nezamestnanosti v globálnom hospodárskom raste.
Guardado en:
| Autor principal: | |
|---|---|
| Formato: | Capítulo de libro |
| Lenguaje: | eslovaco |
| Materias: | |
| Etiquetas: |
Sin Etiquetas, Sea el primero en etiquetar este registro!
|
MARC
| LEADER | 00000nla$a2200000$$$4500 | ||
|---|---|---|---|
| 001 | 0114694 | ||
| 005 | 20240502072259.5 | ||
| 041 | 0 | |a slo | |
| 044 | |a SK | ||
| 245 | 1 | 0 | |a Etická miera nezamestnanosti a miera príjmovej nerovnosti |c Pavlína Ivanová |
| 520 | |a Súčasná kríza a nový prístup k problému nezamestnanosti. Vývoj príčin hospodárskej krízy a príjmová polarizácia. Zamestnanosť a príjmová nerovnosť medzi jednotlivými odvetviami ekonomiky. Etická miera nezamestnanosti v globálnom hospodárskom raste. | ||
| 610 | 2 | 0 | |a kríza hospodárska |
| 610 | 2 | 0 | |a miera nezamestnanosti |
| 610 | 2 | 0 | |a zamestnanosť |
| 610 | 2 | 0 | |a odvetvia priemyselné |
| 610 | 2 | 0 | |a odvetvia výrobné |
| 610 | 2 | 0 | |a príjmy |
| 610 | 2 | 0 | |a nerovnosť |
| 610 | 2 | 0 | |a globalizácia |
| 610 | 2 | 0 | |a etika |
| 610 | 2 | 0 | |a morálka |
| 100 | 1 | |a Ivanová, Pavlína | |